|
|
|
|
| LEADER |
00832nam a2200229 a 4500 |
| 001 |
2559427 |
| 008 |
100104s1995 enk b 001 0 eng d |
| 010 |
|
|
|a 95010521
|
| 020 |
|
|
|a 0192892525 (alk. paper)
|
| 040 |
|
|
|a DLC
|c DLC
|d DLC
|d BD-DhAAL
|
| 082 |
0 |
0 |
|a 305.5
|2 20
|
| 245 |
0 |
0 |
|a Class /
|c edited by Patrick Joyce.
|
| 260 |
|
|
|a Oxford, U.K. ;
|a New York :
|b Oxford University Press,
|c 1995.
|
| 300 |
|
|
|a ix, 368 p. ; 22 cm.
|
| 490 |
0 |
|
|a Oxford readers
|
| 504 |
|
|
|a Includes bibliographical references (p. [349]-351) and index.
|
| 541 |
1 |
|
|e 00013923
|
| 650 |
|
0 |
|a Social classes.
|
| 700 |
1 |
|
|a Joyce, Patrick.
|
| 852 |
4 |
|
|a Ayesha Abed Library
|j General Shelf.
|
| 999 |
|
|
|c 6702
|d 6702
|
| 952 |
|
|
|0 0
|1 0
|2 ddc
|4 0
|6 305_500000000000000_CLA_1995
|7 0
|9 6876
|a BRACUL
|b BRACUL
|c GEN
|d 2010-01-05
|l 0
|o 305.5 CLA
|p 3010013923
|r 2010-01-05
|t 1
|w 2010-01-05
|y BK
|